Classement perpétuel de la Liga - Statistiques

Statistiques générales
  • Ce quiz a été pris 1 162 fois
  • Le résultat moyen est 12 sur 20
Statistiques - réponses
Top Nb Matchs Nb Points Club % Correct
2 2.983 5.793 FC Barcelone
100%
1 2.983 5.957 Real Madrid
100%
3 2.835 4.770 Atlético de Madrid
98%
6 2.629 3.876 Sevilla FC
95%
5 2.885 4.487 FC Valencia
90%
4 2.983 4.548 Athletic Bilbao
88%
10 1.949 2.584 Real Betis
86%
8 2.524 3.505 Real Sociedad
79%
12 1.568 2.108 Deportivo La Corogne
64%
17 1.294 1.518 Málaga CF
56%
7 2.809 3.647 Espanyol Barcelona
55%
19 1.095 1.367 RCD Mallorca
54%
11 1.919 2.412 Celta Vigo
49%
14 1.462 1.788 CA Osasuna
44%
20 1.134 1.365 UD Las Palmas
44%
13 1.611 1.920 Real Valladolid
41%
15 1.458 1.771 Sporting Gijón
33%
18 1.192 1.516 Real Oviedo
18%
9 1.986 2.617 Real Zaragoza
13%
16 1.426 1.691 Racing Santander
8%
Aucun quiz correspondant
Distribution des résultats
% des personnes avec chaque résultat
Percentile par nombre de réponses
Votre historique - résultats
Vous n’avez pas pris ce quiz